All Countries visited by Ibn Battuta - Statistics

General Stats
  • This quiz has been taken 72 times
    71 since last reset
  • The average score is 39 of 45
Answer Stats
Answer % Correct
Spain
100%
Iran
98%
Iraq
98%
Morocco
98%
China
96%
India
96%
Israel
96%
Oman
96%
Pakistan
96%
Saudi-Arabia
96%
Algeria
95%
Egypt
95%
Sudan
95%
Tunisia
95%
Turkey
95%
Yemen
95%
Syria
93%
Somalia
91%
Jordan
89%
Mali
89%
Russia
89%
Sri Lanka
89%
Afghanistan
88%
Lebanon
88%
Bangladesh
86%
Libya
86%
Turkmenistan
86%
Mauritania
84%
Myanmar
84%
Ethiopia
82%
Kazakhstan
82%
Malaysia
82%
Niger
82%
Tanzania
82%
Uzbekistan
82%
Indonesia
80%
Kenya
80%
Vietnam
80%
Italy
79%
United Kingdom (Gibraltar)
77%
Maldives
71%
Ukraine
68%
Bulgaria
66%
Philippines
57%
Guinea
48%
No matching quizzes found
Score Distribution
Percent of People with Each Score
Percentile by Number Answered
Your Score History
You have not taken this quiz since the last reset